Introduction to statistical learning: With applications in R (Record no. 397184)
[ view plain ]
| 000 -LEADER | |
|---|---|
| fixed length control field | 00712 a2200265 4500 |
| 005 - DATE & TIME | |
| control field | 20260430110418.0 |
| 008 - FIXED-LENGTH DATA ELEMENTS--GENERAL INFORMATION | |
| fixed length control field | 260429b |||||||| |||| 00| 0 eng d |
| 020 ## - ISBN | |
| International Standard Book Number | 9781071314174 |
| Price | € 59.99 |
| 040 ## - CATALOGING SOURCE | |
| Original cataloging agency | VIVEKANANDA LIBRARY |
| 082 ## - DDC NUMBER | |
| Classification number | 519.5 |
| Book Number | J233I(2) |
| 100 ## - MAIN ENTRY--PERSONAL NAME | |
| Personal name | James, Gareth |
| 245 ## - TITLE STATEMENT | |
| Title | Introduction to statistical learning: With applications in R |
| 250 ## - EDITION STATEMENT | |
| Edition statement | 2nd |
| 260 ## - PUBLICATION, DISTRIBUTION, ETC. (IMPRINT) | |
| Name of publisher, distributor, etc | Springer |
| Date of publication, distribution, etc | 2021 |
| Place of publication, distribution, etc | New York |
| 300 ## - PHYSICAL DESCRIPTION | |
| Pages | xv, 607 |
| 440 ## - Series Statement | |
| Series Title | Springer texts in statistics |
| 650 ## - Subject | |
| Subject | Statistical Learning |
| 650 ## - Subject | |
| Subject | Machine Learning |
| 650 ## - Subject | |
| Subject | Data Mining |
| 650 ## - Subject | |
| Subject | Statistics |
| 700 ## - Added Entry Personal Name | |
| Added Entry Personal Name | Witten, Daniela |
| 700 ## - Added Entry Personal Name | |
| Added Entry Personal Name | Hastie, Trevor |
| 700 ## - Added Entry Personal Name | |
| Added Entry Personal Name | Tibshirani, Robert |
| 942 ## - ADDED ENTRY ELEMENTS (KOHA) | |
| Koha item type | Books |
| Withdrawn status | Lost status | Source of classification or shelving scheme | Damaged status | Not for loan | Location (home branch) | Sublocation or collection (holding branch) | Shelving location | Date acquired | Koha issues (times borrowed) | Koha full call number | Accession No. | Koha date last seen | Koha item type |
|---|---|---|---|---|---|---|---|---|---|---|---|---|---|
| Dewey Decimal Classification | VIVEKANANDA LIBRARY | VIVEKANANDA LIBRARY | Vivekananda Library | 09/03/2026 | 519.5 J233I(2) | 438673 | 09/03/2026 | Books |
